Регионална библиотека "Любен Каравелов" - Русе

Изграждане на благосъстояние (Запис номер 31631)

MARC детайли
000 -Лидер
Контролно поле с фиксирана дължина 01865nam a2200349 c 4500
003 - Код на организацията, давaща контролен номер
Контролно поле BLK
005 - Дата и час на последна редакция
Контролно поле 20180422100028.0
008 - Елементи от данни с фиксирана дължина
fixed length control field 180407b bul|||||r ||||||| ||bul||
010 ## - Наследен системен номер
LC control number KNG00034289000
020 ## - Международен стандартен номер на книга ISBN
Международен стандартен номер на книга ISBN 954-8453-54-1
-- издат.: Весела Люцканова
040 ## - Източник на каталожния запис
Идентификатор на билиотеката - собственик на записа BLK
041 ## - Код за език
Код за езика на текст/звукозапис или на отделно заглавие Български
Код за езика КДБФ Български
080 ## - УДК
Текстов определител УДК Динамика и развитие на икономиката
УДК код - определител по УДК 330.3
УДК определител
УДК - код + определител 330.3
080 ## - УДК
Текстов определител УДК Международни икономически отношения. Външностопанска политика. Световно стопанство
УДК код - определител по УДК 339.9
УДК определител
УДК - код + определител 339.9
080 ## - УДК
Текстов определител УДК Икономическа психология. Икономическо поведение. Физиологични и психологични елементи. Интереси. Икономически дух
УДК код - определител по УДК 330.16
УДК определител
УДК - код + определител 330.16
100 1# - Редна дума - Автор
Автор Търоу, Лестър Карл
Авторска отговорност първи автор
R(LIN) 366317
139 ## - Редно поле
Редна дума Търоу, Лестър
Авторски знак Тър - Т 96
245 10 - Сведения за заглавието
Заглавие Изграждане на благосъстояние
Подзаглавни данни Новите правила за хората, компаниите и нациите в икономиката, основаваща се на познанието
Редно поле (дума) Лестър Карл Търоу; прев. от англ. Милена Цветкова Лилова.
257 ## - Страна на издаване
Страна на създаване/издаване Съединени американски щати
260 ## - Област на издателските данни
-- София
Име на издателя, разпространителя и проч. Весела Люцканова
Година на издаване 2000
Печатница София : Петекстон
300 ## - Физическа характеристика
Страници 360 с.
Размери/Мащаб 20 см
380 ## - Жанр
Жанр Обществени науки
650 #4 - Допълнително описание по предмет – тема
Основно описание – тема или топоним Пазарно стопанство
9 (RLIN) 265868
650 #4 - Допълнително описание по предмет – тема
Основно описание – тема или топоним Световно стопанство
9 (RLIN) 251664
653 ## - Ключова дума – ненормативна
Ключова дума икономическо развитие
700 1# - Други автори (авторска отговорност)
Лично име Лилова, Милена Цветкова
Автороска отговорност (Описва отношението между автора и произведението) прев. от англ.
9 (RLIN) 251025
852 ## - Местоположение
Форматна сигнатура Цб 206528
856 4# - Електронен адрес и достъп
Електронен формат pdf - файл
Път до файла /url/
856 4# - Електронен адрес и достъп
Електронен формат pdf - файл
Път до файла /url/
942 ## - АРТИКУЛИ
Вид на библиотечния материал Книги
Скрит в OPAC Не
944 ## - СЪЗДАВАНЕ И РЕДАКЦИЯ на ЗАПИСА
Създаване/Редакция Създаване
Дата на регистрацията/редакция 15.01.2003
Служител, извършил регистрацията/редакцията AB_DOS
944 ## - СЪЗДАВАНЕ И РЕДАКЦИЯ на ЗАПИСА
Създаване/Редакция Редакция
Дата на регистрацията/редакция 15.01.2003
Служител, извършил регистрацията/редакцията
999 ## - СИСТЕМНИ КОНТРОЛНИ НОМЕРА
Koha biblionumber 31631
Koha biblioitemnumber 31631
Наличности
Код за отписване Код за изгубен артикул Източник на класификационната схема Код за повреда Коз за рестрикции Код за отдаване Артикулен № Име на библиотеката - собственик Име на библиотеката, в която се намира в момента Статус (Текущо местоположение) Дата на вписване в системата Местоположение - отдел Цена в лева Инвентарен номер Систематично азбучна сигнатура Баркод Номер на екземпляра Цена в евро Служебна бележка Служебен тип на артикула
Изтеглен Не е изгубен Universal Decimal Classification Не е повреден без рестрикции заемане за дома 50358 Регионална библиотека "Любен Каравелов" Русе Регионална библиотека "Любен Каравелов" Русе Заемна - подръчен фонд 2001-01-01 Заемна - подръчен фонд 9.00 660266 П 330/Т 96 Л 660266 1 4.60 Дата инв: 14.03.2018 Бележки инв: П2018 Книги
  Не е изгубен Universal Decimal Classification Не е повреден без рестрикции ползва се в читалня 50359 Регионална библиотека "Любен Каравелов" Русе Регионална библиотека "Любен Каравелов" Русе Хранилище 2001-01-01 Хранилище 9.00 661296 Цб 206528 120000661296 2 4.60   Книги
Vip Innovations Ltd, Rousse, Bulgaria 2025